Prosociálnosť v sebareflexii žiakov základnej školy

Podrobná bibliografia
Hlavný autor: Bianchi, Gabriel, 1955- (Autor)
Médium: Článok
Jazyk:slovenčina
Fyzický popis:Obr. 10. Tb. 4. Res. rus., angl., lit. 22 zázn. v slov., angl.
Predmet:

MARC

LEADER 00000nab a2200000 a 4500
001 vtls000371718
003 SK-MaSNL
005 20260304234028.0
008 230120c1989 xo 0 slo
015 |a SNBRB19rr/mm-uuuuu 
035 |a CL0371840 
035 |a urn:nbn:sk:snk-ab2t7z 
035 |a (urnnbn)urn:nbn:sk:snk:ar-a02wlp 
035 |a (uuid)acf57bf9-3874-4703-8a09-e6cb52cf60d1 
040 |a SNKBUCL  |b slo  |c SNKBUCL  |e AACR2 
041 0 |a slo 
044 |a xo  |c SK 
080 |a 159.92:371.212  |2 1981 
080 |a 371.212  |2 1981 
080 |a 373.3  |2 1981 
100 1 |a Bianchi, Gabriel,  |d 1955-  |4 aut  |9 109676 
245 1 0 |a Prosociálnosť v sebareflexii žiakov základnej školy  |c Gabriel Bianchi 
300 |b Obr. 10. Tb. 4. Res. rus., angl., lit. 22 zázn. v slov., angl. 
650 0 7 |a žiaci  |2 snkbucl  |9 16621 
650 0 7 |a prosociálne správanie  |2 snkbucl  |9 49610 
650 0 7 |a školy základné  |2 snkbucl  |9 390867 
655 7 |a články z novín a časopisov  |2 snkbucl  |9 267496 
773 0 |t Psychológia a patopsychológia dieťaťa  |g Roč. 24, č. 6 (1989), s. 493-502 
850 |a Slovenská národná knižnica v Martine  |a MTA001 
852 |a SNK  |b KIS3GCP 
954 |a odborná, vedecká literatúra pôvodná (slovenská)  |2 lita 
958 |a NB 
958 |a RK 
958 |a OND 
958 |a EUIPO 
958 |a article2022 
992 |a RBX 
999 |c 3201631  |d 3203561